000 00966cam a2200217 4500
001 WB3747-32
008 011211n2001 000 0 eng u
035 _a(Sirsi) u115966
245 _aProtecting the rural environment
260 _c2001
490 _aDEFRA News Release
_v(284) 11 December 2001, (1)
520 _aSafeguards are to be introduced that will protect uncultivated land and semi-natural areas from environmental damage caused by their conversion to intensive agriculture. From 1 February 2002 the Environmental Impact Assessment (Uncultivated Land and Semi-Natural Areas) (England) Regulations 2001 will require environmental assessment for all projects to bring new land into intensive farming.
590 _aWB
650 _aINTENSIVE FARMING
650 _aENVIRONMENTAL ASSESSMENTS
650 _aUNCULTIVATED LAND
650 _aFARMING
650 _aENVIRONMENTAL PROTECTION
690 _aRURAL-AGRICULTURE AND FORESTRY
942 _n0
999 _c69086
_d69086